Brazilian Goalkeepers - Statistics

General Stats
  • This quiz has been taken 151 times
    13 since last reset
  • The average score is 16 of 39
Answer Stats
Hint Hint % Correct
World Cup 1998 22 Dida
100%
World Cup 2002 12 Dida
100%
World Cup 2006 1 Dida
100%
World Cup 2018 1 Alisson
92%
World Cup 2022 1 Alisson
92%
World Cup 2026 1 Alisson
92%
World Cup 2018 23 Ederson
69%
World Cup 2022 23 Ederson
69%
World Cup 2026 23 Ederson
69%
World Cup 2006 22 Julio Cesar
69%
World Cup 2010 1 Julio Cesar
69%
World Cup 2014 12 Julio Cesar
69%
World Cup 1990 1 Taffarel
62%
World Cup 1994 1 Taffarel
62%
World Cup 1998 1 Taffarel
62%
World Cup 2002 22 Rogerio Ceni
38%
World Cup 2006 12 Rogerio Ceni
38%
World Cup 2022 12 Weverton
31%
World Cup 2026 12 Weverton
31%
World Cup 1978 12 Carlos
23%
World Cup 1982 22 Carlos
23%
World Cup 1986 1 Carlos
23%
World Cup 1978 1 Leao
23%
World Cup 1986 22 Leao
23%
World Cup 2002 1 Marcos
23%
World Cup 1990 22 Ze Carlos
23%
World Cup 1994 12 Zetti
23%
World Cup 2018 16 Cassio
15%
World Cup 2010 22 Doni
15%
World Cup 2014 1 Jefferson
15%
World Cup 1990 12 Acacio
8%
World Cup 1998 12 Carlos Germano
8%
World Cup 1994 22 Gilmar
8%
World Cup 2010 12 Heurelho Gomes
8%
World Cup 1986 12 Paulo Vitor
8%
World Cup 1978 22 Valdir Peres
8%
World Cup 1982 1 Valdir Peres
8%
World Cup 2014 22 Victor
8%
World Cup 1982 12 Paulo Sergio
0%
No matching quizzes found
Score Distribution
Percent of People with Each Score
Percentile by Number Answered
Your Score History
You have not taken this quiz since the last reset